| 000 | 00347nam a2200145Ia 4500 | ||
|---|---|---|---|
| 008 | 230917s9999||||xx |||||||||||||| ||und|| | ||
| 040 |
_e126212 _aMAIN |
||
| 041 | _aEnglish | ||
| 082 | _a338.4791 M312M | ||
| 100 | _aSingh, L K | ||
| 245 | 0 | _aManagement of travel agency | |
| 260 |
_aDelhi _bIsha Books _c2008 |
||
| 300 | _a277 p. | ||
| 942 | _cBK | ||
| 999 |
_c152210 _d152210 |
||